000 00626nam a22001815i 4500
001 151809
003 ES-MaACL
005 20250902215904.0
008 051006s1887 fr b |||| | fre d
040 _aCAM
_bspa
_cCAM
100 1 _aBelly, Felix.
_927294
245 1 4 _aLes sept merveilles du monde moderne /
_cpar Félix Belly.
260 _aParis :
_bCalmann-Lévy, éditeur,
_c1887 (
_eBruxelles :
_fImprimerie J. Lebègue & C.)
300 _a185, [2] p., [5] h. de map. pleg. ;
_c24 cm.
650 7 _aIngeniería civil
_2embne
_913771
852 _aES-MaACL
_jF-9673
_z-- Enc. pasta española
999 _c151809
_d151809